| 000 | 00645nam a2200229 a 4500 | ||
|---|---|---|---|
| 001 | 14203 | ||
| 003 | BD-JhCC | ||
| 005 | 20250212170649.0 | ||
| 008 | 250209b2012 e a|||| ||a| 000 0 eng d | ||
| 020 | _a 9781408832066 | ||
| 035 | _a(BD-JhCC)14203 | ||
| 040 |
_aBD-JhCC _dBD-JhCC |
||
| 041 | _aenglish | ||
| 082 |
_a658.0092 _bBLU 2012 |
||
| 100 | _a Blumenthal,Karen | ||
| 245 |
_a Steve Jobs : _bthe man who thought different : a biography / _cKaren Blumenthal. |
||
| 260 |
_aLondon: _bBloomsbury; _c2012. |
||
| 300 |
_a310 p . _c21 cm. |
||
| 650 | _a Biography of business executives and managers | ||
| 942 |
_2ddc _cBK |
||
| 999 |
_c14203 _d14203 |
||